Ecevit Olayı: (Record no. 13994)
[ view plain ]
| 000 -BAŞLIK | |
|---|---|
| Sabit Uzunlukta Kontrol Alanı | 00893nam a22002537a 4500 |
| 999 ## - SİSTEM KONTROL NUMARALARI (KOHA) | |
| Koha Biblionumber | 13994 |
| Koha Biblioitemnumber | 13994 |
| 001 - KONTROL NUMARASI | |
| Denetim Alanı | 13960 |
| 003 - KONTROL NUMARASI IDENTIFIER | |
| Denetim Alanı | MIRAKIL |
| 005 - SON İŞLEM TARİHİ VE ZAMANI | |
| Denetim Alanı | 20200827110734.0 |
| 008 - SABİT-BOY VERİ ELEMANLARI - GENEL BİLGİLER | |
| Sabit Uzunlukta Kontrol Alanı | 200827b tu ||||| |||| 00| 0 tur d |
| 035 ## - SİSTEM KONTROL NUMARASI | |
| Sistem Kontrol Numarası | 13960 |
| 040 ## - KATALOGLAMA KAYNAK | |
| Orijinal Kataloglama Ajansı | TR-AnCHP |
| Kataloglama Dili | tur |
| Metne Dönüştürmek Ajansı | TR-AnCHP |
| 082 ## - DEWEY ONLU SINIFLANDIRMA NUMARASI | |
| Sınıflandırma Numarası | 923.2 Ecevit,B. |
| Ürün Numarası | S23e 1974 |
| 100 ## - ANA GİRİŞ - KİŞİSEL İSİM | |
| Kişisel Ad | Sağlamer, Kayhan |
| 245 ## - BAŞLIK TABLOSU | |
| Başlık | Ecevit Olayı: |
| Başlığın Kalan | Bir Başbakanın doğuşu/ |
| Sorumluluk Tablosu, Vb | Kayhan Sağlamer. |
| 246 ## - UNVAN FORM VARYING | |
| Başlık Doğru / Kısa Başlığı | Bir Başbakanın doğuşu |
| 260 ## - YAYIN, DAĞITIM, VB | |
| Yayın, Dağıtım, Vb Yeri | İstanbul: |
| Yayıncı, Dağıtıcı, Vs Adı | Belge Yayınları, |
| Yayın, Dağıtım, Vb Tarihi | 1974. |
| 300 ## - FİZİKSEL TANIM | |
| Kapsam | c.: |
| Boyutlar | 20 sm. |
| 490 0# - SERİSİ TABLOSU | |
| Seri Beyanı | Belge Yayınları; |
| -- | Yaşayan Türk Büyükleri Dizisi; |
| Hacim / Ardışık Tanımı | 1 |
| 600 ## - KONU KATMA GİRİŞ - KURUMSAL ADI | |
| Kişisel Ad | Ecevit, Bülent |
| Başlıklar Ve Bir Adla İlişkili Diğer Kelimeler | Türkiye Cumhuriyeti Başbakanı |
| Bir Adıyla İlişkilendirilen Tarihler | 1925-2006 |
| Genel Alt Bölümü | Anılar |
| 600 ## - KONU KATMA GİRİŞ - KURUMSAL ADI | |
| Kişisel Ad | Ecevit, Bülent |
| Başlıklar Ve Bir Adla İlişkili Diğer Kelimeler | Türkiye Cumhuriyeti Başbakanı |
| Bir Adıyla İlişkilendirilen Tarihler | 1925-2006 |
| Genel Alt Bölümü | Yaşamöyküsü |
| 650 ## - KONU KATMA GİRİŞ - TOPİKAL DÖNEM | |
| Topikal Süreli Veya Coğrafi Ad Giriş Elemanı | Devlet başkanları |
| Genel Alt Bölümü | Yaşamöyküsü |
| 740 ## - KATMA GİRİŞ - KONTROLSUZ İLGİLİ / ANALİTİK BAŞLIK | |
| Kontrol Edilmeyen / İlgili Analitik Başlıktaki | Bir Başbakanın doğuşu |
| 942 ## - EKLENDİ GİRİŞ ELEMANLARI (KOHA) | |
| Sınıflandırma Veya Raf Düzeni Kaynak | Dewey Decimal Classification |
| Koha Öğesi Türü | Books |
| Kalıcı Konum | Mevcut Konum | Edinme Tarihi | Toplam Check-Out'Lar | Tam Çağrı Numarası | Barkod | Tarih Son Görülme | Tekdüzen Kaynak Tanımlayıcı | İtibaren Geçerli Fiyatlar | Sigara Kamu Notu | Koha Öğesi Türü |
|---|---|---|---|---|---|---|---|---|---|---|
| CHP Kütüphanesi | CHP Kütüphanesi | 08/27/2020 | 923.2 Ecevit,B. S23e 1974 | 019482 | 08/27/2020 | c.1 | 08/27/2020 | Emine Başak Alkan Bağışıdır. | Books | |
| CHP Kütüphanesi | CHP Kütüphanesi | 08/27/2020 | 923.2 Ecevit,B. S23e 1974 | 019483 | 08/27/2020 | c.2 | 08/27/2020 | Emine Başak Alkan Bağışıdır. | Books |
